| 000 | 00510nam a2200169 a 4500 | ||
|---|---|---|---|
| 005 | 20220524063612.0 | ||
| 008 | 991125s1960 mx 000 0 spa u | ||
| 035 | _aUPN01000004248 | ||
| 049 | _aLT | ||
| 050 | 4 |
_aLB1645 M6.3 _bD6.2 |
|
| 100 | 1 | _aDomínguez Méndez, Manuel | |
| 245 | 1 | 0 |
_aApuntes de matemáticas : _b3er. curso / _cManuel Domínguez Méndez. |
| 260 |
_aMéxico : _b[s.n., _c196-]. |
||
| 300 |
_a114 h. : _bil. |
||
| 650 | 4 |
_aMatemáticas _xEstudio y enseñanza (Secundaria) _94860 |
|
| 905 | _aLibro | ||
| 999 |
_c4248 _d4248 |
||